Statistics for Best Actor Oscar Winners by Photo (1939-1928)

Click here to take the quiz!

General Stats

  • This quiz has been taken 184 times
  • The average score is 6 of 12

Answer Stats

Answer% Correct
Clark Gable
95%
Spencer Tracy
79%
Charles Laughton
62%
Robert Donat
53%
Fredric March
50%
Lionel Barrymore
50%
Paul Muni
47%
Wallace Beery
40%
Emil Jannings
39%
Victor McLaglen
36%
George Arliss
35%
Warner Baxter
33%

Score Distribution

Percentile by Number Answered

Percent of People with Each Score

Your Score History

You have not taken this quiz